Essentials of teaching and learning / (Record no. 145059)

MARC details
000 -LEADER
fixed length control field 00714nam a22002177a 4500
005 - DATE AND TIME OF LATEST TRANSACTION
control field 20170920123919.0
010 ## - LCCN (DPL NO)
LC control number ENG-120461
020 ## - INTERNATIONAL STANDARD BOOK NUMBER
International Standard Book Number 9789384402976
Terms of availability 750.00
035 ## - SYSTEM CONTROL NUMBER
System control number EN-103993
037 ## - SOURCE OF ACQUISITION
Source of stock number/acquisition DBAD/PUB
082 ## - DEWEY DECIMAL CLASSIFICATION NUMBER
Classification number 371.3
100 ## - MAIN ENTRY--PERSONAL NAME
Personal name Dhillon, Shamshir Singh
245 ## - TITLE STATEMENT
Title Essentials of teaching and learning /
Statement of responsibility, etc by Shamshir Singh Dhillon;Ranjit Kaur [and] Ajit Singh
260 ## - PUBLICATION, DISTRIBUTION, ETC. (IMPRINT)
Place of publication, distribution, etc Delhi
Name of publisher, distributor, etc Gyan Geeta Prakashan
Date of publication, distribution, etc 2016
270 ## - ADDRESS
City F-7,Gali No.1,Panchsheel Garden, Ex.Naveen Shahdara
Address Delhi
Postal code 110032
300 ## - PHYSICAL DESCRIPTION
Extent x,272p.:
Dimensions 22cm(Hb)
Other physical details ill.
500 ## - GENERAL NOTE
General note Includes bibliographical references
700 ## - ADDED ENTRY--PERSONAL NAME
Personal name Kaur, Ranjit
700 ## - ADDED ENTRY--PERSONAL NAME
Personal name Singh, Ajit
942 ## - ADDED ENTRY ELEMENTS (KOHA)
Source of classification or shelving scheme Dewey Decimal Classification
Item type English Books
Classification part 371.3
Call number suffix DHI
Holdings
Withdrawn status Lost status Not for loan Collection code Home library Current library Date acquired Source of acquisition Cost, normal purchase price Full call number Barcode Copy number Cost, replacement price Koha item type
    Not For Loan Non-fiction D.B.Act.Division Bawana 20/09/2017 DBAD/PUB 750.00 371.3 DHI EN-103993 1 750.00 English Books

© Delhi Public Library
Hit Counter
free hit counter